[Event "Reykjavik op"]
[Site "Reykjavik"]
[Date "2019.04.13"]
[Round "6"]
[White "Christiansen, Johan Sebastian"]
[Black "Larson, Gerald A"]
[Result "1-0"]
[WhiteElo "2571"]
[BlackElo "2038"]
[PlyCount "97"]
[EventDate "2019.04.08"]
[EventType "swiss"]
[EventRounds "9"]
[EventCountry "ISL"]
[SourceTitle "CBM 189 Extra"]
[Source "ChessBase"]
[SourceDate "2019.06.03"]
[SourceVersion "1"]
[SourceVersionDate "2019.06.03"]
[SourceQuality "1"]

1. c4 Nf6 2. g3 g6 3. Bg2 Bg7 4. Nc3 c5 5. Nf3 0-0 6. d4 cxd4 7. Nxd4 Nc6 8. 0-0 Nxd4 9. Qxd4 d6 10. Qd3 Nd7 11. b3 Nc5 12. Qd2 Bd7 13. Bb2 Bc6 14. e4 a5 15. Rad1 Rb8 16. Rfe1 Qc7 17. h4 Rfd8 18. h5 b6 19. h6 Bxc3 20. Bxc3 f6 21. Re2 Qb7 22. Qe3 e5 23. f3 Qe7 24. Be1 Qf8 25. Red2 g5 26. Bf2 Kf7 27. a3 Kg6 28. b4 axb4 29. axb4 Ne6 30. Bh3 Nd4 31. Qc3 Qxh6 32. Kg2 Bd7 33. Bxd7 Rxd7 34. Bxd4 exd4 35. Qxd4 g4 36. fxg4 Qg5 37. Rf2 Qe5 38. Qxe5 fxe5 39. c5 bxc5 40. bxc5 Rb4 41. c6 Rf7 42. Rxd6+ Kg7 43. Rxf7+ Kxf7 44. Kf3 Rc4 45. g5 Kg7 46. Kg4 Rxe4+ 47. Kf5 Rc4 48. Rd7+ Kf8 49. c7 1-0

[Event "Reykjavik op"]
[Site "Reykjavik"]
[Date "2018.03.11"]
[Round "6"]
[White "Jonsson, Sveinbjorn"]
[Black "Larson, Gerald A"]
[Result "1-0"]
[WhiteElo "1682"]
[BlackElo "2065"]
[PlyCount "69"]
[EventDate "2018.03.06"]
[EventType "swiss"]
[EventRounds "9"]
[EventCountry "ISL"]
[SourceTitle "CBM 183 Extra"]
[Source "ChessBase"]
[SourceDate "2018.04.19"]
[SourceVersion "1"]
[SourceVersionDate "2018.04.19"]
[SourceQuality "1"]

1. e4 c5 2. Nf3 Nc6 3. d4 cxd4 4. Nxd4 Qc7 5. Nc3 e6 6. Be3 a6 7. a3 d6 8. f3 h5 9. Qd2 Bd7 10. Nb3 Nf6 11. 0-0-0 Rb8 12. Be2 b5 13. Na2 a5 14. Nd4 Ne5 15. Qc3 Qb7 16. Qxa5 d5 17. Qd2 Nc4 18. Bxc4 bxc4 19. Nb4 dxe4 20. c3 Ba4 21. Ndc2 Nd5 22. fxe4 Bxc2 23. exd5 Bxd1 24. Rxd1 Bxb4 25. cxb4 0-0 26. d6 Rfd8 27. Qc3 Qe4 28. h3 f6 29. Bc5 e5 30. g4 hxg4 31. hxg4 Qxg4 32. b3 Rd7 33. bxc4 Rc8 34. Qd3 Qe6 35. Rh1 1-0

[Event "Reykjavik op"]
[Site "Reykjavik"]
[Date "2018.03.10"]
[Round "5"]
[White "Larson, Gerald A"]
[Black "Briem, Stephan"]
[Result "1/2-1/2"]
[WhiteElo "2065"]
[BlackElo "1841"]
[PlyCount "96"]
[EventDate "2018.03.06"]
[EventType "swiss"]
[EventRounds "9"]
[EventCountry "ISL"]
[SourceTitle "CBM 183 Extra"]
[Source "ChessBase"]
[SourceDate "2018.04.19"]
[SourceVersion "1"]
[SourceVersionDate "2018.04.19"]
[SourceQuality "1"]

1. e4 c5 2. Nf3 d6 3. d4 cxd4 4. Nxd4 Nf6 5. Nc3 a6 6. Bg5 Nbd7 7. Qe2 Qc7 8. 0-0-0 e6 9. g4 b5 10. Bg2 Bb7 11. Rhe1 Be7 12. Nf5 exf5 13. exf5 Ne5 14. f4 Nexg4 15. h3 Nh6 16. Bxf6 gxf6 17. Bxb7 Qxb7 18. Nd5 0-0-0 19. Nxe7+ Kb8 20. Qh5 Rhe8 21. Qxh6 Rxe7 22. Qxf6 Red7 23. Qd4 Qc6 24. Rd3 Qc5 25. f6 Qc6 26. Qd5 Qxd5 27. Rxd5 Kc7 28. Rh5 Rg8 29. Rg5 Rg6 30. Rxg6 fxg6 31. f5 gxf5 32. Rf1 Rf7 33. Rxf5 Kd7 34. Kd2 Ke6 35. Rf3 Rxf6 36. Ra3 Rh6 37. Rxa6 Rxh3 38. Rb6 Rh5 39. Kc3 Rc5+ 40. Kb3 h5 41. Rb8 h4 42. Rh8 Rc4 43. Rh6+ Kd5 44. c3 Rg4 45. Rh5+ Kc6 46. Rh6 Rf4 47. Rh5 d5 48. Rh6+ Kc5 1/2-1/2

[Event "Reykjavik op"]
[Site "Reykjavik"]
[Date "2017.04.26"]
[Round "9"]
[White "Mai, Alexander Oliver"]
[Black "Larson, Gerald A"]
[Result "1/2-1/2"]
[WhiteElo "1813"]
[BlackElo "2104"]
[PlyCount "63"]
[EventDate "2017.04.19"]
[EventType "swiss"]
[EventRounds "10"]
[EventCountry "ISL"]
[SourceTitle "CBM 178 Extra"]
[Source "ChessBase"]
[SourceDate "2017.06.22"]
[SourceVersion "1"]
[SourceVersionDate "2017.06.22"]
[SourceQuality "1"]

1. d4 Nf6 2. Nc3 g6 3. e4 d6 4. f4 Bg7 5. Nf3 0-0 6. Bd3 Na6 7. 0-0 c5 8. d5 Nc7 9. Qe1 a6 10. a4 b6 11. Qh4 Bd7 12. e5 Nfxd5 13. Nxd5 Nxd5 14. f5 dxe5 15. Bh6 Nf6 16. Ng5 Bxf5 17. Bxf5 Qd4+ 18. Qxd4 exd4 19. Bxg7 Kxg7 20. Bd3 Ng4 21. b3 Ne3 22. Rf2 h6 23. Nf3 f6 24. Nd2 e5 25. Nf1 Nxf1 26. Raxf1 f5 27. g4 e4 28. Bc4 e3 29. Rf4 fxg4 30. Rf7+ Rxf7 31. Rxf7+ Kh8 32. Rf6 1/2-1/2

[Event "Reykjavik op"]
[Site "Reykjavik"]
[Date "2017.04.25"]
[Round "8"]
[White "Larson, Gerald A"]
[Black "Smith, Lynda"]
[Result "1/2-1/2"]
[WhiteElo "2104"]
[BlackElo "1849"]
[PlyCount "78"]
[EventDate "2017.04.19"]
[EventType "swiss"]
[EventRounds "10"]
[EventCountry "ISL"]
[SourceTitle "CBM 178 Extra"]
[Source "ChessBase"]
[SourceDate "2017.06.22"]
[SourceVersion "1"]
[SourceVersionDate "2017.06.22"]
[SourceQuality "1"]

1. e4 c5 2. Nf3 g6 3. d4 cxd4 4. Nxd4 Nc6 5. c4 d6 6. Nc3 Nf6 7. Be2 Nxd4 8. Qxd4 Bg7 9. Bg5 0-0 10. Qd2 Be6 11. f3 Rc8 12. Nd5 Bxd5 13. cxd5 Nd7 14. Rb1 Nc5 15. 0-0 Qd7 16. Bd1 Rc7 17. Bh6 Bxh6 18. Qxh6 Rfc8 19. Qe3 a5 20. f4 e6 21. f5 exd5 22. f6 Qe8 23. Bg4 Rd8 24. Qh6 Qf8 25. Qxf8+ Kxf8 26. exd5 Ne4 27. Rf4 Re8 28. Rd1 h5 29. Be2 Nc3 30. bxc3 Rxe2 31. Ra4 Rxc3 32. Rxa5 Kg8 33. Ra8+ Kh7 34. Rf8 Rcc2 35. Rxf7+ Kh6 36. Rxb7 Rxg2+ 37. Kh1 Rxh2+ 38. Kg1 Rhg2+ 39. Kh1 Rh2+ 1/2-1/2

[Event "US Open-117"]
[Site "Indianapolis"]
[Date "2016.08.01"]
[Round "3"]
[White "Larson, Gerald A"]
[Black "Bryant, John Daniel"]
[Result "0-1"]
[WhiteElo "2113"]
[BlackElo "2443"]
[PlyCount "92"]
[EventDate "2016.07.30"]
[EventType "swiss"]
[EventRounds "9"]
[EventCountry "USA"]
[SourceTitle "CBM 173 Extra"]
[Source "ChessBase"]
[SourceDate "2016.08.29"]
[SourceVersion "1"]
[SourceVersionDate "2016.08.29"]
[SourceQuality "1"]

1. e4 c5 2. Nf3 d6 3. d4 cxd4 4. Nxd4 Nf6 5. Nc3 a6 6. Bc4 e6 7. Bb3 Be7 8. Be3 b5 9. a3 0-0 10. f3 Bd7 11. Qe2 Nc6 12. 0-0-0 Na5 13. g4 Nxb3+ 14. Nxb3 Rc8 15. Rd3 a5 16. e5 dxe5 17. g5 Nd5 18. Nxd5 exd5 19. Rxd5 Qc7 20. Bc5 Be6 21. Rxe5 Rfd8 22. Bxe7 Qxe7 23. Qxb5 Qc7 24. Rc5 Qf4+ 25. Kb1 a4 26. Nc1 Rb8 27. Qe2 Rxb2+ 28. Kxb2 Qd4+ 29. Rc3 Rb8+ 30. Nb3 axb3 31. Rd1 bxc2+ 32. Kxc2 Bf5+ 33. Rdd3 Bxd3+ 34. Qxd3 Qf2+ 35. Kd1 Qg1+ 36. Kc2 Qxh2+ 37. Kd1 Qg1+ 38. Kc2 Qg2+ 39. Kd1 Qxg5 40. Qe3 Qg2 41. Qb6 Qxf3+ 42. Rxf3 Rxb6 43. a4 h5 44. a5 Ra6 45. Ra3 h4 46. Kc2 h3 0-1

[Event "US Open-108"]
[Site "Cherry Hill"]
[Date "2007.07.31"]
[Round "3"]
[White "Larson, Gerald A"]
[Black "Bartell, Thomas"]
[Result "0-1"]
[WhiteElo "2144"]
[BlackElo "2398"]
[PlyCount "68"]
[EventDate "2007.07.28"]
[EventType "swiss"]
[EventRounds "9"]
[EventCountry "USA"]
[SourceTitle "CBM 119 Extra"]
[Source "ChessBase"]
[SourceDate "2007.09.04"]
[SourceVersion "1"]
[SourceVersionDate "2007.09.04"]
[SourceQuality "1"]

1. e4 c5 2. Nf3 d6 3. d4 cxd4 4. Nxd4 Nf6 5. Nc3 a6 6. Bc4 e6 7. Bb3 Nbd7 8. 0-0 Nc5 9. f3 Be7 10. Qe1 0-0 11. Be3 Qc7 12. Rd1 b5 13. Rd2 b4 14. Na4 Bd7 15. Nxc5 dxc5 16. Ne2 c4 17. Rxd7 Nxd7 18. Ba4 Bc5 19. Ng3 Nb6 20. b3 Nxa4 21. bxa4 Rfd8 22. Kh1 Bxe3 23. Qxe3 c3 24. e5 Rd5 25. f4 Qc4 26. Re1 Qd4 27. Qf3 Qd2 28. Rf1 Qxc2 29. f5 Qd3 30. Qf4 Rd4 31. Qf2 exf5 32. Nxf5 Rd7 33. Nd6 f6 34. exf6 Qxd6 0-1